Кръвно обещание (Запис номер 22904)
[ съкратено ]
| 000 -Лидер | |
|---|---|
| Контролно поле с фиксирана дължина | 01356nam a2200373 c 4500 |
| 003 - Код на организацията, давaща контролен номер | |
| Контролно поле | BLK |
| 005 - Дата и час на последна редакция | |
| Контролно поле | 20210903160452.0 |
| 008 - Елементи от данни с фиксирана дължина | |
| fixed length control field | 180413b bul|||||r ||||||| ||bul|| |
| 010 ## - Наследен системен номер | |
| LC control number | KNG00025357000 |
| 020 ## - Международен стандартен номер на книга ISBN | |
| Международен стандартен номер на книга ISBN | 978-954-9321-37-1 |
| -- | издат.: Ибис |
| 040 ## - Източник на каталожния запис | |
| Идентификатор на билиотеката - собственик на записа | BLK |
| 041 ## - Код за език | |
| Код за езика на текст/звукозапис или на отделно заглавие | Български |
| Код за езика КДБФ | Български |
| 072 #7 - Код за тематичната категория | |
| Код организация | bullib |
| Код за тематична категория | Н83 |
| Текст | Чужда художествена литература Н |
| 080 ## - УДК | |
| Текстов определител УДК | Американска литература (на САЩ) |
| УДК код - определител по УДК | 821.111(73) |
| УДК определител | -312.9 |
| УДК - код + определител | 821.111(73)-312.9 |
| 100 1# - Редна дума - Автор | |
| Автор | Мийд, Ришел |
| Авторска отговорност | първи автор |
| R(LIN) | 266713 |
| 139 ## - Редно поле | |
| Редна дума | Мийд, Ришел |
| Авторски знак | Ми - М 53 |
| 245 10 - Сведения за заглавието | |
| Заглавие | Кръвно обещание |
| Подзаглавни данни | Роман |
| Редно поле (дума) | Ришел Мийд; прев. Диана Кутева. |
| 257 ## - Страна на издаване | |
| Страна на създаване/издаване | Съединени американски щати |
| 260 ## - Област на издателските данни | |
| -- | София |
| Име на издателя, разпространителя и проч. | Ибис |
| Година на издаване | 2010 |
| Печатница | София : Симолини |
| 300 ## - Физическа характеристика | |
| Страници | 416 с. |
| Размери/Мащаб | 21 см |
| 380 ## - Жанр | |
| Жанр | Худож. лит. |
| 490 1# - СЕРИИ (Колекции) | |
| Име на серия | Поредица Академия за вампири |
| №: серия | Кн. 4 |
| 500 ## - Общи забележки | |
| Забележка | Ориг. загл. Blood Promise / Richelle Mead. |
| 653 ## - Ключова дума – ненормативна | |
| Ключова дума | фантастика |
| 653 ## - Ключова дума – ненормативна | |
| Ключова дума | вампири |
| 653 ## - Ключова дума – ненормативна | |
| Ключова дума | романи |
| 659 ## - Тематичен бюлетин | |
| Тематичен бюлетин | Н |
| 700 1# - Други автори (авторска отговорност) | |
| Лично име | Кутева, Диана |
| Автороска отговорност (Описва отношението между автора и произведението) | прев. |
| 9 (RLIN) | 364219 |
| 852 ## - Местоположение | |
| Форматна сигнатура | Цб 248127 |
| 856 4# - Електронен адрес и достъп | |
| Електронен формат | pdf - файл |
| Път до файла /url/ | |
| 856 4# - Електронен адрес и достъп | |
| Електронен формат | pdf - файл |
| Път до файла /url/ | |
| 942 ## - АРТИКУЛИ | |
| Вид на библиотечния материал | Книги |
| Скрит в OPAC | Не |
| Koha issues (borrowed), all copies | 4 |
| 944 ## - СЪЗДАВАНЕ И РЕДАКЦИЯ на ЗАПИСА | |
| Създаване/Редакция | Създаване |
| Дата на регистрацията/редакция | 12.04.2011 |
| Статус, дата на статуса | ф / |
| Служител, извършил регистрацията/редакцията | Пенка_Димитрова |
| 944 ## - СЪЗДАВАНЕ И РЕДАКЦИЯ на ЗАПИСА | |
| Създаване/Редакция | Редакция |
| Дата на регистрацията/редакция | 17.04.2013 |
| Статус, дата на статуса | ф / |
| Служител, извършил регистрацията/редакцията | |
| 999 ## - СИСТЕМНИ КОНТРОЛНИ НОМЕРА | |
| Koha biblionumber | 22904 |
| Koha biblioitemnumber | 22904 |
| Код за отписване | Код за изгубен артикул | Код за повреда | Коз за рестрикции | Код за отдаване | Артикулен № | Име на библиотеката - собственик | Име на библиотеката, в която се намира в момента | Статус (Текущо местоположение) | Дата на вписване в системата | Местоположение - отдел | Цена в лева | Инвентарен номер | Систематично азбучна сигнатура | Баркод | Номер на екземпляра | Цена в евро | Служебна бележка | Служебен тип на артикула |
|---|---|---|---|---|---|---|---|---|---|---|---|---|---|---|---|---|---|---|
| Не е изгубен | Не е повреден | без рестрикции | заемане за дома | 37761 | Регионална библиотека "Любен Каравелов" Русе | Регионална библиотека "Любен Каравелов" Русе | Заемна - подръчен фонд | 2011-04-08 | Заемна - подръчен фонд | 13.90 | 120000750360 | П 820(73)-31/М 53 | 120000750360 | 1 | 7.11 | Дост: Pk Вид: Ф N: 127 Дата: 01.04.2011 Дата инв: 13.02.2018 Бележки инв: П2018 | Книги | |
| Не е изгубен | Не е повреден | без рестрикции | заемане за дома | 37762 | Регионална библиотека "Любен Каравелов" Русе | Регионална библиотека "Любен Каравелов" Русе | Заемна - подръчен фонд | 2012-05-18 | Заемна - подръчен фонд | 12.51 | 120000757564 | П 820(73)-31/М 53 | 120000757564 | 2 | 6.40 | Дост: DA Вид: А N: 7 Дата: 16.05.2012 Дата инв: 17.02.2018 Бележки инв: П2018 | Книги | |
| Не е изгубен | Не е повреден | без рестрикции | ползва се в читалня | 37763 | Регионална библиотека "Любен Каравелов" Русе | Регионална библиотека "Любен Каравелов" Русе | Хранилище | 2013-04-17 | Хранилище | 13.90 | 120000765890 | Цб 248127 | 120000765890 | 3 | 7.11 | Дост: Dp Вид: Д N: 3 Дата: 23.01.2012 | Книги |